The First Human (Record no. 1821)

000 -LEADER
fixed length control field 00600nam a22002177a 4500
005 - DATE AND TIME OF LATEST TRANSACTION
control field 20210419083010.0
008 - FIXED-LENGTH DATA ELEMENTS--GENERAL INFORMATION
fixed length control field 210301s2007 ||||| |||| 00| 0 eng d
020 ## - INTERNATIONAL STANDARD BOOK NUMBER
International Standard Book Number 9781400076963
040 ## - CATALOGING SOURCE
Original cataloging agency eng
Transcribing agency eng
Modifying agency DLC
041 ## - LANGUAGE CODE
Language code of text/sound track or separate title eng
080 ## - UNIVERSAL DECIMAL CLASSIFICATION NUMBER
Universal Decimal Classification number 57
Item number G-43
100 ## - MAIN ENTRY--PERSONAL NAME
9 (RLIN) 1197
Personal name Gibbons, Ann
245 ## - TITLE STATEMENT
Title The First Human
Remainder of title : The Race to Discover Our Earliest Ancestors
Statement of responsibility, etc. / by: Anchor Books
250 ## - EDITION STATEMENT
Edition statement 1st edition
260 ## - PUBLICATION, DISTRIBUTION, ETC.
Place of publication, distribution, etc. New York
Name of publisher, distributor, etc. Anchor Books
Date of publication, distribution, etc. 2007
300 ## - PHYSICAL DESCRIPTION
Extent 303 p.
Other physical details ill.
365 ## - TRADE PRICE
Price amount 15.95 usd
650 #0 - SUBJECT ADDED ENTRY--TOPICAL TERM
9 (RLIN) 483
Topical term or geographic name entry element Biology
653 ## - INDEX TERM--UNCONTROLLED
Uncontrolled term ბიოლოგია
942 ## - ADDED ENTRY ELEMENTS (KOHA)
Source of classification or shelving scheme
Koha item type Books
Edition 1
Holdings
Withdrawn status Lost status Source of classification or shelving scheme Damaged status Not for loan Permanent location Current location Date acquired Inventory number Total Checkouts Full call number Barcode Date last seen Price effective from Koha item type
          Ken Walker International University Ken Walker International University 03/01/2021 1597   57 G-43 1597 03/01/2021 03/01/2021 Books

Powered by Koha